[Event "29. Erfurter Schachfestival 2019 - Haup"]
[Site "Erfurt"]
[Date "2019.12.29"]
[Round "7.5"]
[White "Eickelkamp, Jan-Hendrik"]
[Black "Siebarth, Marco"]
[Result "1/2-1/2"]
[WhiteElo "1853"]
[BlackElo "2020"]
[PlyCount "39"]
[EventDate "2019.12.26"]

1. c4 c6 2. Nc3 d5 3. cxd5 cxd5 4. d4 Nf6 5. Nf3 e6 6. Bg5 Be7 7. e3 h6 8. Bb5+
Bd7 9. Bf4 Bxb5 10. Nxb5 Qa5+ 11. Nc3 Ne4 12. O-O Nxc3 13. bxc3 Nd7 14. Qb3 Qa6
15. Rfb1 b6 16. a4 O-O 17. a5 Qb7 18. Ra4 Rfc8 19. h3 Qc6 20. Nd2 1/2-1/2

[Event "29. Erfurter Schachfestival 2019 - Haup"]
[Site "Erfurt"]
[Date "2019.12.29"]
[Round "7.6"]
[White "Schieferstein, Michael"]
[Black "Weiland, Thomas"]
[Result "1-0"]
[WhiteElo "1988"]
[BlackElo "1804"]
[Annotator "Ruether,Rudolf"]
[PlyCount "165"]
[EventDate "2019.12.26"]

1. e4 b6 2. d3 Bb7 3. Nf3 e6 4. Nbd2 Nc6 5. c3 d6 6. d4 Nge7 7. Bd3 g6 8. Qe2
d5 9. e5 Bg7 10. h4 h5 11. Nf1 Qd7 12. Ng3 O-O-O 13. Bb5 Rdf8 14. Bg5 Kb8 15.
O-O-O Bh6 16. Rhe1 Qc8 17. Bxh6 Rxh6 18. Kb1 Rhh8 19. Ng5 Nd8 20. Bd3 Qd7 21.
Nf1 Bc8 22. Nd2 Nf5 23. g3 Qe7 24. Ndf3 Ka8 25. Rc1 Bb7 26. Rc2 c5 27. Bxf5
exf5 28. Qe3 Ne6 29. Nxe6 fxe6 30. Qg5 Qe8 {(=)} 31. Qf4 Qc6 32. Ng5 Ba6 33.
Rd1 c4 34. b3 b5 35. b4 Bc8 36. Kc1 Bd7 37. Kd2 Qb6 38. a3 a6 39. Nh3 Qd8 40.
Ke3 Kb7 41. Ra1 Qe8 42. Ke2 Rhg8 43. Kf1 Rh8 44. Kg2 Bc6 45. Qg5 Bd7 46. Nf4
Rhg8 47. Kg1 Kb6 48. Rb2 Ka7 49. Nh3 Rh8 50. Qf4 Qc8 51. Kf1 Qe8 52. Ke1 Qd8
53. Kd2 Qe8 54. Ke3 Qd8 55. Rba2 Qe8 56. Qg5 Rhg8 57. Kf4 Kb7 58. Ng1 Bc6 59.
Nf3 Bd7 60. Nd2 Bc6 61. Nf1 Bd7 62. Ne3 Bc6 63. Nd1 Qd7 64. a4 bxa4 65. Nb2 Ra8
66. Nxa4 Bxa4 67. Rxa4 Qc7 68. Ra5 Qd7 69. Rb1 Kb6 70. Rba1 Qb7 71. R1a3 Kc6
72. Qf6 Rge8 73. Kf3 f4 74. gxf4 Kb6 75. Qxg6 Qe7 76. Qxh5 Rg8 77. f5 Qg7 78.
Qg6 Qxg6 79. fxg6 Rxg6 80. b5 Rf8+ 81. Ke3 Rh8 82. Rxa6+ Kxb5 83. R3a5# 1-0

[Event "29. Erfurter Schachfestival 2019 - Haup"]
[Site "Erfurt"]
[Date "2019.12.29"]
[Round "7.7"]
[White "Angermaier, Georg"]
[Black "Hagenbeck-Hübert, Lara"]
[Result "1/2-1/2"]
[WhiteElo "1952"]
[BlackElo "1802"]
[PlyCount "103"]
[EventDate "2019.12.26"]

1. e4 Nf6 2. e5 Nd5 3. d4 d6 4. f4 dxe5 5. fxe5 Nc6 6. Nf3 Bg4 7. Bb5 e6 8. O-O
Be7 9. c3 O-O 10. h3 Bh5 11. Qe2 Qd7 12. g4 Bg6 13. Bg5 a6 14. Bd3 Bxd3 15.
Qxd3 f6 16. exf6 Bxf6 17. Nbd2 Be7 18. Nc4 Qd8 19. Bxe7 Qxe7 20. Nfe5 Nxe5 21.
Nxe5 Nf4 22. Qe3 Nd5 23. Qe4 Qh4 24. Kg2 Qg5 25. Nf3 Qh6 26. g5 Qg6 27. Qxg6
Nf4+ 28. Kg3 Nxg6 29. Rae1 Rae8 30. Nh4 Rxf1 31. Rxf1 Nxh4 32. Kxh4 Rf8 33. Re1
Rf2 34. Rxe6 Kf7 35. Re5 Rxb2 36. Ra5 Ke6 37. Ra3 Kd5 38. Ra5+ Kd6 39. Rf5 Rxa2
40. Rf7 Re2 41. Rxg7 Re7 42. Rg8 a5 43. g6 hxg6 44. Rxg6+ Re6 45. Rg5 b6 46.
Rg3 a4 47. Kg5 Re8 48. Kf4 a3 49. c4 Rf8+ 50. Ke4 a2 51. Ra3 Rf2 52. Ra7
1/2-1/2

[Event "29. Erfurter Schachfestival 2019 - Haup"]
[Site "Erfurt"]
[Date "2019.12.29"]
[Round "7.8"]
[White "Kühn, Alexander"]
[Black "Haugk, Franko"]
[Result "0-1"]
[WhiteElo "1763"]
[BlackElo "1917"]
[PlyCount "84"]
[EventDate "2019.12.26"]

1. e4 c6 2. d4 d5 3. Nc3 dxe4 4. Nxe4 Nd7 5. Nf3 Ndf6 6. Ng3 Bg4 7. Be2 e6 8.
O-O Bd6 9. Ne5 Bxe2 10. Qxe2 Ne7 11. f4 O-O 12. c4 c5 13. Be3 Qc7 14. Rad1 Rad8
15. b3 Rfe8 16. h3 g6 17. Qf2 b6 18. dxc5 Bxc5 19. Bxc5 bxc5 20. Nd3 Rc8 21.
Rfe1 Red8 22. Ne5 h5 23. Qf3 Nf5 24. Nxf5 exf5 25. Rxd8+ Rxd8 26. Nc6 Rd7 27.
Ne5 Rd6 28. Rd1 Rd4 29. Rxd4 cxd4 30. Qd3 Qd6 31. g3 Ne4 32. Kg2 Nc5 33. Qd1
Kg7 34. b4 Ne6 35. a3 f6 36. Nf3 Qc6 37. Qd3 Qe4 38. Qd2 d3 39. Kf2 h4 40. Ne1
hxg3+ 41. Kxg3 Nxf4 42. Qxf4 Qxe1+ 0-1

[Event "29. Erfurter Schachfestival 2019 - Haup"]
[Site "Erfurt"]
[Date "2019.12.29"]
[Round "7.9"]
[White "Schönrock, Rüdiger"]
[Black "Schmidt (ILM), Daniel"]
[Result "1/2-1/2"]
[WhiteElo "1971"]
[BlackElo "1868"]
[PlyCount "29"]
[EventDate "2019.12.26"]

1. e4 c5 2. c3 Nf6 3. e5 Nd5 4. d4 cxd4 5. cxd4 e6 6. Nf3 Nc6 7. Nc3 Nxc3 8.
bxc3 d5 9. exd6 Bxd6 10. Bd3 h6 11. O-O Qc7 12. Re1 O-O 13. Bd2 e5 14. dxe5
Nxe5 15. Nxe5 1/2-1/2

[Event "29. Erfurter Schachfestival 2019 - Haup"]
[Site "Erfurt"]
[Date "2019.12.29"]
[Round "7.10"]
[White "Moses, Selina"]
[Black "Bajorski, Leszek"]
[Result "1-0"]
[WhiteElo "1861"]
[BlackElo "1950"]
[PlyCount "75"]
[EventDate "2019.12.26"]

1. e4 c6 2. d4 d5 3. Nc3 dxe4 4. Nxe4 Bf5 5. Ng3 Bg6 6. h4 h6 7. Nf3 Nd7 8. h5
Bh7 9. Bd3 Bxd3 10. Qxd3 e6 11. Bd2 Ngf6 12. O-O-O Be7 13. Ne4 Nxe4 14. Qxe4
Nf6 15. Qe2 Qd5 16. c4 Qe4 17. Qxe4 Nxe4 18. Be3 f6 19. Nh4 Kf7 20. Ng6 Rhd8
21. b3 c5 22. Nxe7 cxd4 23. Bxd4 Kxe7 24. Rhe1 Nd6 25. Bc5 b6 26. Ba3 e5 27. f4
Ke6 28. g4 Rac8 29. Kb1 b5 30. fxe5 fxe5 31. Rd5 bxc4 32. Rexe5+ Kf6 33. Re1
Rc6 34. Bxd6 Kf7 35. Rf5+ Kg8 36. Ba3 c3 37. Rc5 Ra6 38. Bc1 1-0

[Event "29. Erfurter Schachfestival 2019 - Haup"]
[Site "Erfurt"]
[Date "2019.12.30"]
[Round "8.1"]
[White "Belova, Tatiana"]
[Black "Kraus, Sebastian"]
[Result "0-1"]
[WhiteElo "1932"]
[BlackElo "1819"]
[PlyCount "102"]
[EventDate "2019.12.26"]

1. e4 e5 2. Nf3 Nc6 3. Nc3 Nf6 4. d4 exd4 5. Nxd4 Bb4 6. Nxc6 bxc6 7. Bd3 d5 8.
exd5 O-O 9. O-O cxd5 10. Bg5 c6 11. Na4 Bd6 12. h3 a5 13. Re1 Ba6 14. c3 Bxd3
15. Qxd3 h6 16. Bh4 Rb8 17. Re2 g5 18. Bg3 Nh5 19. Bxd6 Qxd6 20. Qd4 Nf4 21.
Re3 Rfd8 22. Rae1 Ne6 23. Qf6 Qf8 24. h4 Qg7 25. hxg5 hxg5 26. Qf5 d4 27. Rg3
Rd5 28. Qg4 d3 29. Rd1 Nf4 30. Re3 Qh6 31. g3 f5 32. Qf3 Nh3+ 33. Kf1 g4 34.
Qh1 f4 35. gxf4 Qxf4 36. Qg2 Qxa4 37. b3 Qxa2 38. Qxg4+ Ng5 39. c4 Rf8 40. Qg3
Rdf5 41. f3 Rxf3+ 42. Rxf3 Rxf3+ 43. Qxf3 Nxf3 44. Rxd3 Nh2+ 45. Ke1 Qc2 46.
Re3 Qc1+ 47. Ke2 Qf1+ 48. Kd2 Nf3+ 49. Kc2 Nd4+ 50. Kc3 c5 51. b4 Qc1+ 0-1

[Event "29. Erfurter Schachfestival 2019 - Haup"]
[Site "Erfurt"]
[Date "2019.12.30"]
[Round "8.2"]
[White "Heß, Jürgen"]
[Black "Urban, Peter"]
[Result "1/2-1/2"]
[WhiteElo "1889"]
[BlackElo "1852"]
[PlyCount "119"]
[EventDate "2019.12.26"]

1. e4 c5 2. Nf3 e6 3. d4 cxd4 4. Nxd4 a6 5. a3 Nf6 6. Nc3 Qc7 7. Be2 d6 8. O-O
Nbd7 9. Be3 b6 10. Qd2 Bb7 11. f3 Be7 12. Rac1 O-O 13. Na2 d5 14. exd5 Nxd5 15.
Rfd1 Nxe3 16. Qxe3 Bd6 17. Nxe6 Qb8 18. Rxd6 Qxd6 19. Nxf8 Kxf8 20. Rd1 Qc7 21.
Qd4 Nf6 22. Qd6+ Qe7 23. Nc3 b5 24. Kf2 Rc8 25. Qxe7+ Kxe7 26. Bd3 Rc5 27. Rd2
Bc6 28. Ke3 Rh5 29. g3 a5 30. Re2 h6 31. Kd4+ Kd7 32. g4 Rh3 33. Bxb5 Bxb5 34.
Nxb5 Rxf3 35. Rg2 Kc6 36. a4 Rf4+ 37. Ke3 Rxa4 38. Nd4+ Kd5 39. c3 g6 40. g5
hxg5 41. Rxg5+ Kd6 42. Nb3 Nd5+ 43. Kd3 f6 44. Rg1 Ra2 45. Kc2 g5 46. Nd4 a4
47. c4 Kc5 48. cxd5 a3 49. Nb3+ Kxd5 50. Rb1 f5 51. Nd2 g4 52. Kc3 Rxb2 53.
Rxb2 axb2 54. Kxb2 Kd4 55. Kc2 Ke3 56. Kd1 Kf2 57. Nc4 f4 58. Kd2 Kg2 59. Ne5
Kh3 60. Nxg4 1/2-1/2

[Event "29. Erfurter Schachfestival 2019 - Haup"]
[Site "Erfurt"]
[Date "2019.12.30"]
[Round "8.3"]
[White "Zimmermann, Felix"]
[Black "Schieferstein, Michael"]
[Result "1/2-1/2"]
[WhiteElo "1905"]
[BlackElo "1988"]
[PlyCount "75"]
[EventDate "2019.12.26"]

1. d4 Nf6 2. Nf3 c5 3. e3 e6 4. Be2 Be7 5. O-O b6 6. b3 O-O 7. Bb2 Bb7 8. c4 d6
9. Nc3 Ne4 10. Nxe4 Bxe4 11. Nd2 Bb7 12. Bf3 Bxf3 13. Qxf3 Nd7 14. Qg3 g6 15.
e4 Qc7 16. d5 exd5 17. cxd5 Bf6 18. Bxf6 Nxf6 19. f4 Rae8 20. Rae1 Qe7 21. a4
a6 22. Qd3 b5 23. axb5 axb5 24. e5 dxe5 25. fxe5 Nxd5 26. Ne4 Rd8 27. Qxb5 Rb8
28. Qc4 Nb6 29. Qc3 Nd5 30. Nf6+ Nxf6 31. exf6 Qd7 32. Qc1 Qd4+ 33. Kh1 Rb6 34.
Qg5 h6 35. Qxh6 Rxf6 36. Rxf6 Qxf6 37. Qe3 Qd4 38. Qxd4 1/2-1/2

[Event "29. Erfurter Schachfestival 2019 - Haup"]
[Site "Erfurt"]
[Date "2019.12.30"]
[Round "8.4"]
[White "Haugk, Franko"]
[Black "Heinrich, John"]
[Result "1/2-1/2"]
[WhiteElo "1917"]
[BlackElo "1742"]
[PlyCount "20"]
[EventDate "2019.12.26"]

1. d4 d5 2. Nf3 Nf6 3. g3 g6 4. Bg2 Bg7 5. O-O O-O 6. e3 e6 7. Bd2 Bd7 8. Nc3
Nc6 9. a3 a6 10. Re1 Re8 1/2-1/2

[Event "29. Erfurter Schachfestival 2019 - Haup"]
[Site "Erfurt"]
[Date "2019.12.30"]
[Round "8.5"]
[White "Von Otte, Wilhelm"]
[Black "Moses, Selina"]
[Result "1-0"]
[WhiteElo "2119"]
[BlackElo "1861"]
[PlyCount "51"]
[EventDate "2019.12.26"]

1. e4 c5 2. c3 d5 3. exd5 Qxd5 4. Nf3 Nf6 5. Na3 Nc6 6. Bc4 Qd8 7. O-O e6 8.
Re1 Be7 9. Nc2 O-O 10. a4 b6 11. d4 Bb7 12. Bf4 cxd4 13. Ncxd4 Nxd4 14. Nxd4
Nd5 15. Bg3 Bc5 16. Nb3 Bd6 17. Qe2 Bxg3 18. hxg3 Qg5 19. a5 Rfc8 20. a6 Bc6
21. Nd4 Be8 22. Nf3 Qh5 23. Rad1 Rc5 24. g4 Qxg4 25. Bxd5 Bb5 26. Bxa8 1-0

[Event "29. Erfurter Schachfestival 2019 - Haup"]
[Site "Erfurt"]
[Date "2019.12.30"]
[Round "8.6"]
[White "Siebarth, Marco"]
[Black "Held, Maurice"]
[Result "1-0"]
[WhiteElo "2020"]
[BlackElo "1844"]
[PlyCount "80"]
[EventDate "2019.12.26"]

1. e4 c5 2. Nf3 g6 3. d4 cxd4 4. Nxd4 Bg7 5. Nc3 Nc6 6. Nde2 Nf6 7. g3 O-O 8.
Bg2 d6 9. O-O Bd7 10. h3 a6 11. a4 Qc7 12. Be3 Ne5 13. b3 Qc8 14. f4 Nc6 15.
Kh2 Bg4 16. Qd2 Bxe2 17. Nxe2 Nd7 18. Rac1 b5 19. axb5 axb5 20. Nd4 Nxd4 21.
Bxd4 Bxd4 22. Qxd4 Ra2 23. c4 bxc4 24. Rxc4 Qa6 25. Rf2 Rxf2 26. Qxf2 Rb8 27.
Qc2 Qb5 28. Qc3 Nf6 29. e5 Nd5 30. Bxd5 Qxd5 31. exd6 Qxd6 32. Rc8+ Rxc8 33.
Qxc8+ Kg7 34. Qc3+ Kg8 35. h4 Qb6 36. Kg2 f6 37. b4 Kf7 38. Kf3 Qb7+ 39. Ke3
Ke6 40. Kd2 Qd5+ 1-0

[Event "29. Erfurter Schachfestival 2019 - Haup"]
[Site "Erfurt"]
[Date "2019.12.30"]
[Round "8.7"]
[White "Eickelkamp, Jan-Hendrik"]
[Black "Angermaier, Georg"]
[Result "1-0"]
[WhiteElo "1853"]
[BlackElo "1952"]
[PlyCount "77"]
[EventDate "2019.12.26"]

1. e4 e6 2. d4 d5 3. Nc3 Bb4 4. a3 Bxc3+ 5. bxc3 dxe4 6. Qg4 Nf6 7. Qxg7 Rg8 8.
Qh6 Rg6 9. Qh4 Bd7 10. Nh3 Rg4 11. Qh6 Rg6 12. Qh4 Rg4 13. Qh6 Rg6 14. Qe3 Bc6
15. Nf4 Nd5 16. Qh3 Rg7 17. Qh6 Rg4 18. Nxe6 Qe7 19. Ng7+ Kd7 20. Qxh7 Rg6 21.
g3 Ba4 22. Bh3+ Kc6 23. c4 Nf6 24. Nf5 Qe8 25. d5+ Kc5 26. Be3+ Kxc4 27. Qh4
Bxc2 28. O-O Kxd5 29. Rfd1+ Bxd1 30. Rxd1+ Kc6 31. Rc1+ Kb5 32. Rc5+ Ka4 33.
Bf1 Nbd7 34. Bb5+ Kxa3 35. Qf4 Rc8 36. Bc1+ Kb4 37. Qe3 Nxc5 38. Bxe8 Rxe8 39.
Ba3+ 1-0

[Event "29. Erfurter Schachfestival 2019 - Haup"]
[Site "Erfurt"]
[Date "2019.12.30"]
[Round "8.8"]
[White "Hagenbeck-Hübert, Lara"]
[Black "Strätker, Sebastian"]
[Result "1-0"]
[WhiteElo "1802"]
[BlackElo "1888"]
[PlyCount "69"]
[EventDate "2019.12.26"]

1. d4 Nf6 2. Bf4 g6 3. Nf3 Bg7 4. Nc3 d5 5. h3 O-O 6. e3 Bf5 7. Bd3 Bxd3 8.
Qxd3 Nc6 9. O-O a6 10. a3 e6 11. Rfd1 Qd7 12. Rac1 Rac8 13. Ne2 Na5 14. Ne5 Qb5
15. Qxb5 axb5 16. Nc3 Nc4 17. Nxc4 bxc4 18. b3 cxb3 19. cxb3 c6 20. b4 Ra8 21.
b5 Rfc8 22. a4 Bf8 23. Ra1 c5 24. dxc5 Rxc5 25. Be5 Nd7 26. Bd4 Rc4 27. f4 f6
28. Rdc1 e5 29. Nxd5 Rxc1+ 30. Rxc1 exd4 31. Rc7 Kf7 32. Nb6 Ra5 33. Rxd7+ Ke6
34. exd4 Rxa4 35. d5+ 1-0

[Event "29. Erfurter Schachfestival 2019 - Haup"]
[Site "Erfurt"]
[Date "2019.12.30"]
[Round "8.9"]
[White "Klinkhart, Thorbjörn"]
[Black "Delgado, Robin"]
[Result "1/2-1/2"]
[WhiteElo "1881"]
[BlackElo "1803"]
[PlyCount "127"]
[EventDate "2019.12.26"]

1. f4 d5 2. b3 Bf5 3. Nf3 e6 4. e3 Nf6 5. Bb2 Be7 6. Be2 c5 7. Bb5+ Nc6 8. Ne5
Rc8 9. O-O O-O 10. Bxc6 bxc6 11. d3 Nd7 12. Nd2 Nxe5 13. Bxe5 Bf6 14. Nf3 Bg4
15. Qe1 Bxf3 16. Rxf3 Bxe5 17. fxe5 d4 18. e4 Qg5 19. Qa5 Qxe5 20. Qxa7 Ra8 21.
Qd7 Rac8 22. Raf1 f6 23. Qb7 Qd6 24. Rg3 Rc7 25. Qb6 Rff7 26. Qb8+ Rf8 27. Qb6
Rff7 28. a4 Ra7 29. e5 Qxe5 30. Qxc6 Rac7 31. Qa8+ Rf8 32. Qf3 Qd6 33. Qe4 f5
34. Qe2 e5 35. Rgf3 g6 36. g4 Rcf7 37. h4 Qe6 38. Qg2 fxg4 39. Rxf7 Rxf7 40.
Rxf7 Kxf7 41. a5 Kg7 42. Qb7+ Kh6 43. a6 e4 44. dxe4 Qe5 45. Kg2 Qf4 46. e5
Qxe5 47. a7 Qe2+ 48. Kg3 Qe3+ 49. Kxg4 Qg1+ 50. Kh3 Qe3+ 51. Kg2 Qe2+ 52. Kg3
Qe1+ 53. Kf4 Qe3+ 54. Kg4 Qg1+ 55. Kh3 Qe3+ 56. Kh2 Qf4+ 57. Kg1 Qe3+ 58. Kf1
Qc1+ 59. Kf2 Qe3+ 60. Kf1 Qc1+ 61. Kg2 Qd2+ 62. Kg3 Qe1+ 63. Kh2 Qe5+ 64. Kg2
1/2-1/2

[Event "29. Erfurter Schachfestival 2019 - Haup"]
[Site "Erfurt"]
[Date "2019.12.30"]
[Round "8.10"]
[White "Mao, Yvonne"]
[Black "Schönrock, Rüdiger"]
[Result "1/2-1/2"]
[WhiteElo "1807"]
[BlackElo "1971"]
[PlyCount "40"]
[EventDate "2019.12.26"]

1. e4 e5 2. Nf3 Nf6 3. Nc3 Bb4 4. Bc4 O-O 5. Nxe5 Qe7 6. Nxf7 Rxf7 7. Bxf7+
Kxf7 8. d3 d5 9. O-O Bxc3 10. bxc3 dxe4 11. dxe4 Qxe4 12. Re1 Qd5 13. Qe2 Qe6
14. Qd2 Qd6 15. Qe2 Nc6 16. Bg5 Bg4 17. Qc4+ Qd5 18. Qf4 Qd6 19. Qc4+ Qd5 20.
Qf4 Qd6 1/2-1/2

[Event "29. Erfurter Schachfestival 2019 - Amat"]
[Site "Erfurt"]
[Date "2019.12.27"]
[Round "1.1"]
[White "Harbrecht, Bernd"]
[Black "Dietrich, Malte"]
[Result "0-1"]
[WhiteElo "1710"]
[BlackElo "1296"]
[PlyCount "74"]
[EventDate "2019.12.27"]

1. g3 d5 2. d3 Nf6 3. Bg2 c5 4. b3 Nc6 5. Bb2 e5 6. a3 Rb8 7. h3 a6 8. Nf3 Bd6
9. Qd2 Bc7 10. Qg5 Ba5+ 11. Nbd2 c4 12. Bxe5 Nxe5 13. Qxe5+ Be6 14. b4 Bc7 15.
Qg5 O-O 16. O-O h6 17. Qe3 Re8 18. Qd4 Bb6 19. Qh4 Bf5 20. Rae1 Rc8 21. g4 Bg6
22. g5 hxg5 23. Nxg5 cxd3 24. cxd3 Rc2 25. Ngf3 Ra2 26. Ra1 Rxa1 27. Rxa1 Rxe2
28. d4 Qc8 29. Bf1 Re8 30. Rb1 Bxb1 31. Nxb1 Re4 32. Qg5 Bxd4 33. Nxd4 Rxd4 34.
Qe3 Rd1 35. Qc3 Qf5 36. Nd2 Qg5+ 37. Kh2 Rxd2 0-1

[Event "29. Erfurter Schachfestival 2019 - Amat"]
[Site "Erfurt"]
[Date "2019.12.27"]
[Round "1.4"]
[White "Ahmadov, Sabir"]
[Black "Schmidt, Alexandra"]
[Result "1/2-1/2"]
[WhiteElo "1273"]
[BlackElo "1667"]
[PlyCount "95"]
[EventDate "2019.12.27"]

1. e4 e6 2. d4 d5 3. exd5 exd5 4. Nf3 Nf6 5. Bg5 Bg4 6. Be2 Bd6 7. O-O O-O 8.
Nbd2 Nbd7 9. c4 c6 10. cxd5 cxd5 11. Qb3 Rb8 12. Bb5 Nb6 13. a4 a6 14. Bd3 Nbd7
15. Rfe1 h6 16. Bh4 Bf4 17. Bg3 Bxg3 18. hxg3 Qb6 19. Ne5 Qxd4 20. Nxd7 Nxd7
21. Nf3 Bxf3 22. gxf3 Nc5 23. Qb6 Qxd3 24. Qxc5 Qxf3 25. Re3 Qf5 26. Rae1 Rbc8
27. Qb6 Qd7 28. Re7 Qc6 29. Rxb7 Qxa4 30. b3 Qc6 31. Ree7 Qxb6 32. Rxb6 Rb8 33.
Rxa6 Rxb3 34. Rd7 Rb5 35. Rad6 Re8 36. Rxd5 Rxd5 37. Rxd5 Kf8 38. Rd7 f6 39.
Rc7 Re7 40. Rc8+ Kf7 41. Kg2 Ke6 42. Kf3 Kf5 43. Rc5+ Re5 44. Rc7 g5 45. Rg7 h5
46. Rg8 g4+ 47. Kg2 Ke4 48. Rf8 1/2-1/2

[Event "29. Erfurter Schachfestival 2019 - Amat"]
[Site "Erfurt"]
[Date "2019.12.27"]
[Round "2.1"]
[White "Held, Gerd"]
[Black "Schneiderheinze, Roland"]
[Result "1/2-1/2"]
[WhiteElo "1456"]
[BlackElo "1666"]
[PlyCount "54"]
[EventDate "2019.12.27"]

1. c4 e5 2. g3 Nf6 3. Nc3 Bc5 4. Bg2 c6 5. a3 a6 6. b4 Ba7 7. Bb2 d6 8. Nf3 Be6
9. d3 Ng4 10. O-O Qb6 11. Ne4 Qd8 12. c5 dxc5 13. Nxc5 Bxc5 14. bxc5 Nd7 15.
Rc1 Qc7 16. Qd2 h6 17. h3 Ngf6 18. a4 Rd8 19. Qc3 Nd5 20. Qe1 O-O 21. e4 Ne7
22. Nd2 Qa5 23. Nb1 Qxe1 24. Rfxe1 Bb3 25. a5 f6 26. Nd2 Be6 27. Rc3 Rf7
1/2-1/2

[Event "29. Erfurter Schachfestival 2019 - Amat"]
[Site "Erfurt"]
[Date "2019.12.28"]
[Round "3.5"]
[White "Graf, Maria"]
[Black "Dietrich, Malte"]
[Result "1-0"]
[WhiteElo "1525"]
[BlackElo "1296"]
[PlyCount "139"]
[EventDate "2019.12.27"]

1. d4 Nf6 2. Nf3 g6 3. Bg5 Bg7 4. e3 O-O 5. Bd3 d5 6. Nbd2 Nbd7 7. c3 b6 8. O-O
Re8 9. Re1 Bb7 10. Qc2 c5 11. b3 Rc8 12. Qb2 Ne4 13. Bh4 f5 14. Rac1 Qc7 15.
Ng5 e5 16. Be2 Nxg5 17. Bxg5 h6 18. Bh4 g5 19. Bg3 f4 20. exf4 exf4 21. Bxf4
Qxf4 22. Nf3 Re7 23. Bb5 Rxe1+ 24. Rxe1 Bc6 25. Ba6 Rf8 26. Qe2 Qe4 27. Qd2 Qf5
28. Qe2 Qf7 29. Bd3 Nb8 30. Bc2 Re8 31. Ne5 Bxe5 32. dxe5 Bd7 33. Qd3 Nc6 34.
Qg3 Qg7 35. Qd3 Qf7 36. Qg3 Kh8 37. h4 g4 38. Qe3 Qe6 39. Qd3 Re7 40. f4 gxf3
41. Qxf3 Rf7 42. Qg3 Rg7 43. Qf4 Kg8 44. Rf1 Rf7 45. Qg3+ Kf8 46. Re1 Qg4 47.
Qh2 Be6 48. Bd1 Qf4 49. g3 Rg7 50. Rf1 Qxf1+ 51. Kxf1 Rf7+ 52. Kg1 Nxe5 53. Qd2
Nf3+ 54. Bxf3 Rxf3 55. Qxh6+ Ke7 56. Qg5+ Kd6 57. Qd8+ Bd7 58. Qb8+ Ke6 59. h5
Ke7 60. Qe5+ Be6 61. h6 Rf6 62. h7 Rf8 63. h8=Q Rxh8 64. Qxh8 Kd6 65. Qf6 Kd7
66. Qe5 c4 67. bxc4 dxc4 68. Qd4+ Ke7 69. g4 Bxg4 70. Qxg4 1-0

[Event "29. Erfurter Schachfestival 2019 - Amat"]
[Site "Erfurt"]
[Date "2019.12.28"]
[Round "3.9"]
[White "Mohammadi, Sholeh"]
[Black "Peter, Bernhard"]
[Result "1/2-1/2"]
[WhiteElo "1177"]
[BlackElo "1549"]
[PlyCount "48"]
[EventDate "2019.12.27"]

1. c4 c5 2. Nc3 g6 3. Nf3 Bg7 4. d4 cxd4 5. Nxd4 Nc6 6. Nxc6 bxc6 7. Qc2 d6 8.
e4 Nf6 9. Be3 Ng4 10. Bd2 Qb6 11. Nd1 O-O 12. h3 Ne5 13. Be3 Qc7 14. c5 Qa5+
15. Nc3 dxc5 16. Be2 Nd7 17. O-O Ba6 18. Bxa6 Qxa6 19. Na4 Qb5 20. Nxc5 Nxc5
21. Bxc5 Qb7 22. Ba3 Be5 23. Rac1 Rac8 24. Qc5 Bd6 1/2-1/2

[Event "29. Erfurter Schachfestival 2019 - Amat"]
[Site "Erfurt"]
[Date "2019.12.28"]
[Round "4.1"]
[White "Hornung, Richard"]
[Black "Lorch, Stephan"]
[Result "1/2-1/2"]
[WhiteElo "1656"]
[BlackElo "1495"]
[PlyCount "86"]
[EventDate "2019.12.27"]

1. Nf3 Nf6 2. b3 g6 3. Bb2 Bg7 4. d4 d5 5. e3 O-O 6. Be2 Nc6 7. O-O e6 8. Nbd2
a6 9. c4 Ne7 10. Qc2 b6 11. cxd5 exd5 12. Ne5 Bb7 13. Rac1 Rc8 14. Qb1 c6 15.
Bf3 Nd7 16. Nd3 f5 17. Nf4 Rf6 18. Ba3 Bh6 19. Bxe7 Qxe7 20. Bxd5+ cxd5 21.
Rxc8+ Bxc8 22. Nxd5 Qd6 23. Nxf6+ Nxf6 24. Qc2 Bb7 25. Qc4+ Qd5 26. Qxd5+ Bxd5
27. Rc1 Bf8 28. Rc8 Kg7 29. Rc7+ Kh6 30. Nc4 Bxc4 31. bxc4 Ne4 32. Rc6 b5 33.
c5 a5 34. Rc8 Kg7 35. Ra8 a4 36. Rb8 Nc3 37. a3 h5 38. Kf1 Kf7 39. Ke1 Be7 40.
Rb7 Ke6 41. Rb6+ Kf7 42. Rb7 Ke6 43. Rb6+ Kf7 1/2-1/2

[Event "29. Erfurter Schachfestival 2019 - Amat"]
[Site "Erfurt"]
[Date "2019.12.28"]
[Round "4.8"]
[White "Knobling, Rolf"]
[Black "Mohammadi, Sholeh"]
[Result "1-0"]
[WhiteElo "1479"]
[BlackElo "1177"]
[Annotator "Ruether,Rudolf"]
[PlyCount "99"]
[EventDate "2019.12.27"]

1. d4 Nf6 2. Nf3 g6 3. c4 Bg7 4. Nc3 d5 5. Bf4 O-O 6. cxd5 Nxd5 7. Nxd5 Qxd5 8.
Bxc7 Nc6 9. e3 Bf5 10. a3 Rac8 11. Bg3 Rfd8 12. Be2 Qa5+ 13. b4 Qb6 14. Nd2 e5
15. Nc4 Qc7 16. d5 b5 17. d6 Qd7 18. Nd2 a6 19. e4 Be6 20. O-O Qxd6 21. Nf3 Qc7
22. Qb1 Nd4 23. Nxd4 Rxd4 24. Rc1 Qb7 25. f3 Rd2 26. Bf1 f5 27. Be1 {(=)} Rdd8
28. Rxc8 Qxc8 29. a4 Qb7 30. axb5 axb5 31. Ra5 Bd7 32. Qb3+ Kh8 33. Bf2 fxe4
34. Ra7 Qc6 35. fxe4 Qxe4 36. Qf7 Qf5 37. Qe7 Rf8 38. Qc5 e4 39. Qe3 Qd5 40.
Qc5 Qxc5 41. bxc5 Bc6 42. Rc7 Be8 43. c6 b4 44. Bc5 Rf5 45. Rc8 Re5 46. Bd6 Re6
47. Bc4 Bd4+ 48. Kf1 Rxd6 49. Rxe8+ Kg7 50. c7 1-0

[Event "29. Erfurter Schachfestival 2019 - Amat"]
[Site "Erfurt"]
[Date "2019.12.29"]
[Round "5.2"]
[White "Schneiderheinze, Roland"]
[Black "Hornung, Richard"]
[Result "0-1"]
[WhiteElo "1666"]
[BlackElo "1656"]
[PlyCount "53"]
[EventDate "2019.12.27"]

1. d4 Nf6 2. c4 c6 3. Nc3 e6 4. Bg5 d5 5. c5 a5 6. Nf3 Be7 7. e3 b6 8. Na4 bxc5
9. dxc5 Nbd7 10. Rc1 Ne4 11. Bxe7 Qxe7 12. Nb6 Nxb6 13. cxb6 Qb4+ 14. Nd2 Nxd2
15. Qxd2 Qxb6 16. Qc3 O-O 17. Bd3 Ba6 18. Bb1 Rab8 19. b3 Rfc8 20. Qc2 Qb4+ 21.
Kd1 g6 22. f3 c5 23. e4 c4 24. h4 cxb3 25. Qxb3 Rxc1+ 26. Kxc1 Qc5+ 27. Qc2 0-1

[Event "29. Erfurter Schachfestival 2019 - Amat"]
[Site "Erfurt"]
[Date "2019.12.29"]
[Round "5.3"]
[White "Lorch, Stephan"]
[Black "Schmidt, Alexandra"]
[Result "1/2-1/2"]
[WhiteElo "1495"]
[BlackElo "1667"]
[PlyCount "45"]
[EventDate "2019.12.27"]

1. e4 e6 2. d4 d5 3. exd5 exd5 4. c4 c6 5. Nf3 Nf6 6. Be2 Bd6 7. c5 Bc7 8. O-O
O-O 9. Nc3 Bg4 10. Bg5 Nbd7 11. h3 Bh5 12. g4 Bg6 13. Nh4 Re8 14. Nxg6 hxg6 15.
Qc2 Qb8 16. Bd3 Bf4 17. Bxf4 Qxf4 18. Ne2 Qg5 19. Ng3 Re7 20. Rae1 Rae8 21.
Rxe7 Rxe7 22. Qc1 Qxc1 23. Rxc1 1/2-1/2

[Event "29. Erfurter Schachfestival 2019 - Amat"]
[Site "Erfurt"]
[Date "2019.12.29"]
[Round "5.8"]
[White "Ahmadov, Sabir"]
[Black "Knobling, Rolf"]
[Result "1/2-1/2"]
[WhiteElo "1273"]
[BlackElo "1479"]
[PlyCount "60"]
[EventDate "2019.12.27"]

1. e4 c5 2. Nc3 d6 3. g3 e6 4. Bg2 Nc6 5. d3 Bd7 6. Nge2 Qb6 7. O-O Nf6 8. Rb1
Be7 9. Kh1 e5 10. Bg5 O-O 11. Bxf6 Bxf6 12. Nd5 Qd8 13. f4 Bg4 14. c3 Bxe2 15.
Qxe2 exf4 16. gxf4 Re8 17. Qg4 g6 18. Bh3 Bg7 19. Qd7 Qxd7 20. Bxd7 Red8 21.
Bxc6 bxc6 22. Ne7+ Kf8 23. Nxc6 Re8 24. f5 Rec8 25. Na5 Rab8 26. fxg6 hxg6 27.
Nc4 Rd8 28. Rf2 d5 29. exd5 Rxd5 30. Rbf1 Rb7 1/2-1/2

[Event "29. Erfurter Schachfestival 2019 - Amat"]
[Site "Erfurt"]
[Date "2019.12.29"]
[Round "5.9"]
[White "Mohammadi, Sholeh"]
[Black "Rüttinger, Max"]
[Result "0-1"]
[WhiteElo "1177"]
[BlackElo "1682"]
[PlyCount "76"]
[EventDate "2019.12.27"]

1. c4 f5 2. Nc3 Nf6 3. f4 e6 4. d3 Bb4 5. Bd2 O-O 6. h3 Qe8 7. a3 Bxc3 8. Bxc3
d6 9. Nf3 Nbd7 10. e3 Qg6 11. Ng5 e5 12. Qf3 Re8 13. O-O-O h6 14. fxe5 dxe5 15.
h4 hxg5 16. hxg5 Qxg5 17. Bd2 Qg6 18. Qh3 Ng4 19. Qh8+ Kf7 20. Qh4 Ndf6 21. Be2
Bd7 22. Bxg4 Nxg4 23. Rhf1 Rh8 24. Qe1 Ba4 25. e4 f4 26. g3 Bxd1 27. Qxd1 Ke6
28. gxf4 exf4 29. Bxf4 Nf6 30. Bxc7 Rh3 31. Rg1 Qh6+ 32. Kc2 Rh8 33. Qf1 Qh7
34. Kd2 Rf8 35. Qf2 Nxe4+ 36. dxe4 Rxf2+ 37. Kc1 Rh1 38. Rxh1 Qxh1# 0-1